Valtioita piirroshahmoina - Statistics

Yleistilastot
  • Tätä visaa on pelattu 1 101 kertaa
  • Keskiarvotulos 7 / 12
Vastaustilastot
Kuvavisa Vastaus % Oikein
Australia
91%
Japani
89%
Yhdistynyt kuningaskunta
85%
Kroatia
82%
Somalia
70%
Kiina
69%
Kypros
59%
Tšad
42%
Bangladesh
31%
Haiti
30%
Paraguay
21%
Costa Rica
15%
Ehtoja vastaavia visoja ei löytynyt
Tulosjakauma
Jokaisen tuloksen saaneiden osuus
Persentiili vastausten määrän mukaan
Tuloshistoriasi
Et ole pelannut tätä visaa